<?xml version="1.0" encoding="UTF-8"?>
<record
    xmlns:xsi="http://www.w3.org/2001/XMLSchema-instance"
    xsi:schemaLocation="http://www.loc.gov/MARC21/slim http://www.loc.gov/standards/marcxml/schema/MARC21slim.xsd"
    xmlns="http://www.loc.gov/MARC21/slim">

  <leader>01711nam a22001697a 4500</leader>
  <controlfield tag="003">SGT</controlfield>
  <datafield tag="020" ind1=" " ind2=" ">
    <subfield code="a">9788131731017</subfield>
  </datafield>
  <datafield tag="082" ind1=" " ind2=" ">
    <subfield code="a">658.8,KOT</subfield>
  </datafield>
  <datafield tag="100" ind1=" " ind2=" ">
    <subfield code="a">KOTLER PHILIP</subfield>
  </datafield>
  <datafield tag="245" ind1=" " ind2=" ">
    <subfield code="a">PRINCIPLES OF MARKETING </subfield>
  </datafield>
  <datafield tag="250" ind1=" " ind2=" ">
    <subfield code="a">13TH</subfield>
  </datafield>
  <datafield tag="260" ind1=" " ind2=" ">
    <subfield code="a">NEW DELHI </subfield>
    <subfield code="b">PEARSON </subfield>
    <subfield code="c">2013</subfield>
  </datafield>
  <datafield tag="300" ind1=" " ind2=" ">
    <subfield code="a">514+V. P.</subfield>
  </datafield>
  <datafield tag="650" ind1=" " ind2=" ">
    <subfield code="a"> MARKETING </subfield>
  </datafield>
  <datafield tag="653" ind1=" " ind2=" ">
    <subfield code="a">TABLE OF CONTENT PART 1 DEFINING MARKETING AND THE MARKETING PROCESS  1 MARKETING: CREATING AND CAPTURING CUSTOMER VALUE  2 COMPANY AND MARKETING STRATEGY: PARTNERING TO BUILD CUSTOMER RELATIONSHIPS PART 2 UNDERSTANDING THE MARKETPLACE AND CONSUMERS 3 ANALYZING THE MARKETING ENVIRONMENT  4 MANAGING MARKETING INFORMATION TO GAIN CUSTOMER INSIGHTS  5 CONSUMER MARKETS AND CONSUMER BUYER BEHAVIOR  6 BUSINESS MARKETS AND BUSINESS BUYER BEHAVIOR PART 3 DESIGNING A CUSTOMER-DRIVEN STRATEGY AND MIX  7 CUSTOMER-DRIVEN MARKETING STRATEGY: CREATING VALUE FOR TARGET CUSTOMERS  8 PRODUCTS, SERVICES, AND BRANDS: BUILDING CUSTOMER VALUE  9 NEW-PRODUCT DEVELOPMENT AND PRODUCT LIFE-CYCLE STRATEGIES  10 PRICING: UNDERSTANDING AND CAPTURING CUSTOMER VALUE  11 PRICING STRATEGIES: ADDITIONAL CONSIDERATIONS  12 MARKETING CHANNELS: DELIVERING CUSTOMER VALUE  13 RETAILING AND WHOLESALING  14 COMMUNICATING CUSTOMER VALUE: INTEGRATED MARKETING COMMUNICATIONS STRATEGY  15 ADVERTISING AND PUBLIC RELATIONS  16 PERSONAL SELLING AND SALES PROMOTION  17 DIRECT AND ONLINE MARKETING: BUILDING DIRECT CUSTOMER RELATIONSHIPS PART 4 EXTENDING MARKETING  18 CREATING COMPETITIVE ADVANTAGE  19 THE GLOBAL MARKETPLACE  20 SUSTAINABLE MARKETING: SOCIAL RESPONSIBILITY AND ETHICS APPENDIX 1 MARKETING PLAN  APPENDIX 2 MARKETING BY THE NUMBERS  APPENDIX 3 CAREERS IN MARKETING  </subfield>
  </datafield>
  <datafield tag="942" ind1=" " ind2=" ">
    <subfield code="2">ddc</subfield>
    <subfield code="c">FCM</subfield>
    <subfield code="0">3</subfield>
  </datafield>
  <datafield tag="952" ind1=" " ind2=" ">
    <subfield code="0">0</subfield>
    <subfield code="1">0</subfield>
    <subfield code="2">ddc</subfield>
    <subfield code="4">0</subfield>
    <subfield code="7">0</subfield>
    <subfield code="8">CM</subfield>
    <subfield code="a">SSSL</subfield>
    <subfield code="b">SSSL</subfield>
    <subfield code="c">TXT</subfield>
    <subfield code="d">2016-06-20</subfield>
    <subfield code="e">SPARSH BOOK GALLERY</subfield>
    <subfield code="g">825.00</subfield>
    <subfield code="i">SGTU</subfield>
    <subfield code="l">27</subfield>
    <subfield code="o">658.8,KOT</subfield>
    <subfield code="p">CM455</subfield>
    <subfield code="r">2025-04-04 00:00:00</subfield>
    <subfield code="s">2025-03-28</subfield>
    <subfield code="w">2021-11-14</subfield>
    <subfield code="y">FCM</subfield>
    <subfield code="k">1285</subfield>
  </datafield>
  <datafield tag="952" ind1=" " ind2=" ">
    <subfield code="0">0</subfield>
    <subfield code="1">2</subfield>
    <subfield code="2">ddc</subfield>
    <subfield code="4">0</subfield>
    <subfield code="7">0</subfield>
    <subfield code="8">CM</subfield>
    <subfield code="a">SSSL</subfield>
    <subfield code="b">SSSL</subfield>
    <subfield code="c">TXT</subfield>
    <subfield code="d">2016-07-12</subfield>
    <subfield code="e">KIRTI PRAKASHAN</subfield>
    <subfield code="g">825.00</subfield>
    <subfield code="i">SGTU</subfield>
    <subfield code="l">4</subfield>
    <subfield code="o">658.8,KOT</subfield>
    <subfield code="p">CM698</subfield>
    <subfield code="q">2018-04-24</subfield>
    <subfield code="r">2018-08-24 00:00:00</subfield>
    <subfield code="s">2018-08-24</subfield>
    <subfield code="w">2015-03-16</subfield>
    <subfield code="y">FCM</subfield>
    <subfield code="k">2365</subfield>
  </datafield>
  <datafield tag="999" ind1=" " ind2=" ">
    <subfield code="c">9149</subfield>
    <subfield code="d">9149</subfield>
  </datafield>
</record>
